000 00408nam a22001697a 4500
003 MPLRDC
005 20220104114601.0
008 210129b ||||| |||| 00| 0 eng d
082 _a848.2 LHYb-5
100 _a林海音著
245 _a孟珠的旅程
_c
250 _a一版一刷
260 _a
_b中国友谊出版公司
_c1985
300 _b
650 _a现代别集
942 _cBK
_o848.2 LHYb-5
999 _c8624
_d8614